[Event "WchT Blitz Pool D"]
[Site "London"]
[Date "2025.06.14"]
[Round "1.1"]
[White "Kawuma, Patrick"]
[Black "Nogerbek, Kazybek"]
[Result "0-1"]
[WhiteElo "2231"]
[BlackElo "2538"]
[PlyCount "94"]
[EventDate "2025.06.14"]
[EventType "team-tourn"]
[EventRounds "13"]
[EventCountry "ENG"]
[SourceTitle "CB25_2025"]
[SourceDate "2025.06.18"]
[SourceVersion "1"]
[SourceVersionDate "2025.06.18"]
[SourceQuality "1"]
[WhiteTeam "Kenya Equity Bank"]
[BlackTeam "Barys.kz"]
[WhiteTeamCountry "KEN"]
[BlackTeamCountry "KAZ"]

1. c4 g6 2. Nf3 Bg7 3. d4 d6 4. g3 Nf6 5. Bg2 0-0 6. 0-0 Ne4 7. Qc2 f5 8. Nc3 Nxc3 9. Qxc3 Nc6 10. Qd2 e5 11. d5 Nb8 12. e3 Nd7 13. b3 a5 14. Bb2 Nc5 15. Rac1 Bd7 16. Qc2 Qe7 17. a3 e4 18. Bxg7 Qxg7 19. Nd4 b6 20. Rcd1 Rae8 21. Rd2 h5 22. h4 g5 23. hxg5 Qxg5 24. Ne2 Re7 25. b4 axb4 26. axb4 Nd3 27. Rxd3 exd3 28. Qxd3 h4 29. gxh4 Qxh4 30. Nf4 Rg7 31. Rc1 Qe7 32. Kf1 Qe5 33. c5 bxc5 34. bxc5 Qb2 35. Rb1 Qa2 36. c6 Bc8 37. Kg1 Qa4 38. Qc3 Rg5 39. Qb4 Qc2 40. Qb2 Qe4 41. Qb4 Re8 42. Qxe4 fxe4 43. Rb8 Kf7 44. Kh2 Rh8+ 45. Kg1 Rhg8 46. Kf1 Ba6+ 47. Ke1 Rxb8 0-1

[Event "WchT Blitz Pool D"]
[Site "London"]
[Date "2025.06.14"]
[Round "10.1"]
[White "Kawuma, Patrick"]
[Black "Skytte, Rasmus"]
[Result "0-1"]
[WhiteElo "2231"]
[BlackElo "2367"]
[PlyCount "72"]
[EventDate "2025.06.14"]
[EventType "team-tourn"]
[EventRounds "13"]
[EventCountry "ENG"]
[SourceTitle "CB25_2025"]
[SourceDate "2025.06.18"]
[SourceVersion "1"]
[SourceVersionDate "2025.06.18"]
[SourceQuality "1"]
[WhiteTeam "Kenya Equity Bank"]
[BlackTeam "Danish Futures"]
[WhiteTeamCountry "KEN"]
[BlackTeamCountry "DEN"]

1. c4 g6 2. g3 Bg7 3. Bg2 Nf6 4. Nf3 0-0 5. d4 d6 6. Nc3 Nc6 7. 0-0 a6 8. d5 Na5 9. Nd2 c5 10. Rb1 b5 11. b3 b4 12. Na4 Bd7 13. Nb2 Nb7 14. e4 a5 15. Nd3 a4 16. h3 axb3 17. axb3 Ra2 18. Bb2 e5 19. dxe6 Bxe6 20. Kh2 Qb6 21. f4 Na5 22. f5 Bc8 23. fxg6 fxg6 24. e5 dxe5 25. Nxe5 Bf5 26. Rxf5 gxf5 27. Ndf3 Rd8 28. Qc1 Ne4 29. Qf4 Qe6 30. Ba1 Rf2 31. Rb2 Rxb2 32. Bxb2 Nxb3 33. g4 fxg4 34. hxg4 Nbd2 35. Kh1 Qh6+ 36. Kg1 Qxf4 0-1

[Event "WchT Rapid"]
[Site "London"]
[Date "2025.06.13"]
[Round "9.1"]
[White "Hill, Alistair"]
[Black "Kawuma, Patrick"]
[Result "1/2-1/2"]
[WhiteElo "2095"]
[BlackElo "2218"]
[PlyCount "149"]
[EventDate "2025.06.11"]
[EventType "team-swiss"]
[EventRounds "12"]
[EventCountry "ENG"]
[SourceTitle "CB25_2025"]
[SourceDate "2025.06.18"]
[SourceVersion "1"]
[SourceVersionDate "2025.06.18"]
[SourceQuality "1"]
[WhiteTeam "Hammersmith"]
[BlackTeam "Kenya Equity Bank"]
[WhiteTeamCountry "ENG"]
[BlackTeamCountry "KEN"]

1. e4 c5 2. Nf3 e6 3. d4 cxd4 4. Nxd4 Nc6 5. Nc3 Qc7 6. g3 Nf6 7. Bg2 Nxd4 8. Qxd4 Bc5 9. Bf4 Qb6 10. Qd2 Bb4 11. a3 Be7 12. 0-0 0-0 13. e5 Ne8 14. Ne4 f5 15. Nc3 Rb8 16. Rfd1 Rf7 17. Bf3 a6 18. Rab1 Qc7 19. Nd5 Qd8 20. Nxe7+ Qxe7 21. c4 b6 22. b4 Bb7 23. Bxb7 Rxb7 24. Rbc1 h6 25. h4 Nc7 26. Qd6 Qd8 27. a4 g5 28. hxg5 hxg5 29. Be3 f4 30. Bxb6 Qc8 31. Bxc7 Rxc7 32. c5 fxg3 33. fxg3 Rc6 34. Qd3 Qb7 35. Rf1 Rg7 36. b5 axb5 37. axb5 Rc8 38. Rf2 Qa7 39. b6 Qa5 40. Qd6 Qa3 41. Rcf1 Qxg3+ 42. Rg2 Qe3+ 43. Rff2 Qc1+ 44. Rf1 Qe3+ 45. Rff2 Qc1+ 46. Rf1 Qxc5+ 47. Qxc5 Rxc5 48. Rb1 Rc8 49. b7 Rb8 50. Rc2 Rf7 51. Rc7 Kg7 52. Kg2 Kg8 53. Kg3 Rff8 54. Rxd7 Rf7 55. Rxf7 Kxf7 56. Kg4 Ke7 57. Kxg5 Kf7 58. Rb6 Rg8+ 59. Kh6 Rh8+ 60. Kg5 Rg8+ 61. Kf4 Rb8 62. Rb1 Ke7 63. Rh1 Rf8+ 64. Ke4 Kd7 65. Rh7+ Kc6 66. Re7 Rb8 67. Rxe6+ Kxb7 68. Kf5 Kc7 69. Rf6 Kd7 70. e6+ Ke8 71. Rh6 Rb1 72. Rh8+ Ke7 73. Rh7+ Ke8 74. Rh8+ Ke7 75. Rh7+ 1/2-1/2

[Event "WchT Rapid"]
[Site "London"]
[Date "2025.06.13"]
[Round "10.1"]
[White "O'Gorman, Tom"]
[Black "Kawuma, Patrick"]
[Result "1/2-1/2"]
[WhiteElo "2257"]
[BlackElo "2218"]
[PlyCount "162"]
[EventDate "2025.06.11"]
[EventType "team-swiss"]
[EventRounds "12"]
[EventCountry "ENG"]
[SourceTitle "CB25_2025"]
[SourceDate "2025.06.18"]
[SourceVersion "1"]
[SourceVersionDate "2025.06.18"]
[SourceQuality "1"]
[WhiteTeam "Oxbridge"]
[BlackTeam "Kenya Equity Bank"]
[WhiteTeamCountry "ENG"]
[BlackTeamCountry "KEN"]

1. d4 Nf6 2. Nf3 g6 3. c4 d6 4. Nc3 Bf5 5. g3 Ne4 6. Nb1 c5 7. Bg2 Qa5+ 8. Nbd2 Nc6 9. 0-0 Nf6 10. d5 Nb4 11. Ne1 Bg7 12. a3 Na6 13. e4 Bg4 14. f3 Bd7 15. Nd3 b5 16. f4 0-0 17. h3 bxc4 18. Nxc4 Qb5 19. Qc2 Nc7 20. Be3 Rab8 21. b4 cxb4 22. axb4 Na6 23. Na3 Nxb4 24. Nxb4 Qxb4 25. Rfb1 Qa4 26. Qxa4 Bxa4 27. Bxa7 Rbc8 28. Bd4 Nh5 29. Rb4 Bd7 30. Bxg7 Kxg7 31. Rb3 Rc5 32. Re1 Rfc8 33. Ree3 R8c7 34. Kh2 Ba4 35. Rbd3 Bc2 36. Nxc2 Rxc2 37. Ra3 h6 38. e5 Rb2 39. Rec3 Rxc3 40. Rxc3 dxe5 41. fxe5 Re2 42. e6 fxe6 43. dxe6 Rxe6 44. Bf3 Nf6 45. Kg2 Rd6 46. Re3 Kf7 47. Be2 e6 48. Kf3 Rc6 49. h4 Nd5 50. Ra3 Kf6 51. Bd3 Ne7 52. Rb3 Rd6 53. Ra3 Nc6 54. Ke3 Ne5 55. Be2 Nf7 56. Bd3 Rb6 57. Be2 Nd6 58. Bd3 Nf5+ 59. Kf3 Rd6 60. Be4 Nd4+ 61. Ke3 e5 62. Ra8 Nf5+ 63. Kf3 Rb6 64. Ra3 Nd6 65. Rd3 Nf5 66. Ra3 Nd4+ 67. Ke3 g5 68. Bd3 g4 69. Be4 Rb3+ 70. Rxb3 Nxb3 71. Bb7 Nd4 72. Bc8 h5 73. Bb7 Nf5+ 74. Kf2 Nd6 75. Bd5 e4 76. Bg8 Ke5 77. Bh7 Kd4 78. Bg6 e3+ 79. Ke1 Ne4 80. Bxh5 Nxg3 81. Bxg4 Ke5 1/2-1/2

[Event "Olympiad-45"]
[Site "Budapest"]
[Date "2024.09.22"]
[Round "11.2"]
[White "Amer, Karim"]
[Black "Kawuma, Patrick"]
[Result "1/2-1/2"]
[WhiteElo "2081"]
[BlackElo "2207"]
[PlyCount "139"]
[EventDate "2024.09.11"]
[EventType "team-swiss"]
[EventRounds "11"]
[EventCountry "HUN"]
[SourceTitle "EXT 2025"]
[Source "ChessBase"]
[SourceDate "2024.10.14"]
[SourceVersion "1"]
[SourceVersionDate "2024.10.14"]
[SourceQuality "1"]
[WhiteTeam "Pakistan"]
[BlackTeam "Uganda"]
[WhiteTeamCountry "PAK"]
[BlackTeamCountry "UGA"]

1. d4 Nf6 2. c4 c5 3. Nf3 cxd4 4. Nxd4 b6 5. Nc3 Bb7 6. Qc2 e6 7. Bg5 d6 8. e4 Nbd7 9. Be2 a6 10. 0-0 Be7 11. Rfd1 Qc7 12. Rac1 0-0 13. b3 Rac8 14. a4 Rfe8 15. h3 Nxe4 16. Bxe7 Nxc3 17. Bxd6 Nxe2+ 18. Nxe2 Qc6 19. f3 e5 20. Ng3 Re6 21. Ba3 Nc5 22. b4 Qxa4 23. Qxa4 Nxa4 24. Nf5 g6 25. Nd6 Rc7 26. Nxb7 Rxb7 27. Rd8+ Kg7 28. Ra8 b5 29. c5 Rc6 30. Rd1 Kf6 31. Rd3 Ke7 32. Bc1 Rd7 33. Bg5+ f6 34. Rxd7+ Kxd7 35. Ra7+ Ke6 36. Bh6 Nb2 37. Rxh7 g5 38. h4 gxh4 39. Bd2 Nc4 40. Be1 h3 41. Rxh3 a5 42. bxa5 Ra6 43. f4 Kd5 44. fxe5 fxe5 45. Bb4 e4 46. Bc3 Nxa5 47. g4 Nc6 48. g5 Kxc5 49. g6 Nd4 50. Bxd4+ Kxd4 51. Rg3 Ra8 52. Kf2 Rg8 53. g7 b4 54. Rg6 b3 55. Rb6 Kc3 56. Rc6+ Kd2 57. Rd6+ Kc2 58. Rc6+ Kb1 59. Rb6 b2 60. Rb7 Ra8 61. Ra7 Rg8 62. Ke2 Rc8 63. Rc7 Ra8 64. Ra7 Rg8 65. Rb7 Kc2 66. Rc7+ Kb3 67. Rb7+ Kc3 68. Ke3 Rc8 69. Kxe4 Kc2 70. Kf5 1/2-1/2

[Event "Olympiad-45"]
[Site "Budapest"]
[Date "2024.09.18"]
[Round "7.2"]
[White "Colindres, Daniel"]
[Black "Kawuma, Patrick"]
[Result "1-0"]
[WhiteElo "2079"]
[BlackElo "2207"]
[PlyCount "73"]
[EventDate "2024.09.11"]
[EventType "team-swiss"]
[EventRounds "11"]
[EventCountry "HUN"]
[SourceTitle "EXT 2025"]
[Source "ChessBase"]
[SourceDate "2024.10.14"]
[SourceVersion "1"]
[SourceVersionDate "2024.10.14"]
[SourceQuality "1"]
[WhiteTeam "Honduras"]
[BlackTeam "Uganda"]
[WhiteTeamCountry "HON"]
[BlackTeamCountry "UGA"]

1. e4 c5 2. Nf3 d6 3. c3 Nf6 4. h3 g6 5. Bd3 Bg7 6. 0-0 0-0 7. Bc2 e5 8. d4 exd4 9. cxd4 cxd4 10. Nxd4 Nc6 11. Nxc6 bxc6 12. Nc3 d5 13. exd5 Nxd5 14. Ne4 Rb8 15. Bb3 Rb4 16. Qf3 Bf5 17. Ng3 Be6 18. Bd2 Rb8 19. Rac1 a5 20. Rxc6 a4 21. Bc4 Rxb2 22. Rd1 Rb7 23. Bc3 Rd7 24. Bxg7 Kxg7 25. Ne4 Nc7 26. Qc3+ f6 27. Rxd7+ Bxd7 28. Rd6 Qe7 29. Qd4 Be8 30. f4 Nb5 31. Bxb5 Bxb5 32. Nc5 Rf7 33. Ne6+ Kh6 34. f5 Qa7 35. Rb6 gxf5 36. Rxb5 Qxd4+ 37. Nxd4 1-0

[Event "Olympiad-45"]
[Site "Budapest"]
[Date "2024.09.13"]
[Round "3.72"]
[White "Kawuma, Patrick"]
[Black "Houssein, Mohamed Bilal"]
[Result "1-0"]
[WhiteElo "2207"]
[BlackElo "1870"]
[PlyCount "97"]
[EventDate "2024.09.11"]
[EventType "team-swiss"]
[EventRounds "11"]
[EventCountry "HUN"]
[SourceTitle "EXT 2025"]
[Source "ChessBase"]
[SourceDate "2024.10.14"]
[SourceVersion "1"]
[SourceVersionDate "2024.10.14"]
[SourceQuality "1"]
[WhiteTeam "Uganda"]
[BlackTeam "Djibouti"]
[WhiteTeamCountry "UGA"]
[BlackTeamCountry "DJI"]

1. c4 Nf6 2. g3 e6 3. Bg2 d5 4. Nf3 dxc4 5. Qa4+ Nbd7 6. Qxc4 a6 7. Qc2 c5 8. 0-0 b5 9. Ne5 Nd5 10. f4 Bb7 11. Nf3 c4 12. b3 Bc5+ 13. Kh1 cxb3 14. Qxb3 0-0 15. Bb2 N7f6 16. Ne5 Qb6 17. e4 Ne7 18. Nc3 Rad8 19. d3 Ng6 20. Nxg6 hxg6 21. Ne2 Qa7 22. h3 Rd7 23. g4 Rfd8 24. Rad1 Qa8 25. Kh2 b4 26. g5 Nh5 27. Qc2 Bf8 28. d4 a5 29. Ng3 Nxg3 30. Kxg3 Rc8 31. Qb1 a4 32. Rf2 b3 33. axb3 axb3 34. Ba1 Qa4 35. Rd3 Ra8 36. Rxb3 Qxa1 37. Rxb7 Rxb7 38. Qxb7 Ra3+ 39. Kh2 Qxd4 40. Qb2 Qa7 41. Qd2 Kh7 42. f5 exf5 43. exf5 gxf5 44. Rxf5 Bc5 45. Qf4 Bg1+ 46. Kh1 Ra1 47. g6+ Kh8 48. Qh4+ Kg8 49. Qd8# 1-0

[Event "Kampala Sagewood Cup"]
[Site "Kampala"]
[Date "2024.05.16"]
[Round "1"]
[White "Kawuma, Patrick"]
[Black "Dara, Tendereza"]
[Result "1-0"]
[WhiteElo "2215"]
[BlackElo "1555"]
[PlyCount "41"]
[EventDate "2024.05.16"]
[EventType "swiss"]
[EventRounds "8"]
[EventCountry "UGA"]
[SourceTitle "CBM 220 Extra"]
[Source "ChessBase"]
[SourceDate "2024.07.31"]
[SourceVersion "1"]
[SourceVersionDate "2024.07.31"]
[SourceQuality "1"]

1. c4 e5 2. Nc3 Nf6 3. Nf3 Nc6 4. e3 d6 5. Be2 Be7 6. b3 Be6 7. d4 exd4 8. exd4 d5 9. 0-0 Qd7 10. Ne5 Qd6 11. Bf4 Nxe5 12. dxe5 Qb4 13. exf6 Bxf6 14. Nb5 0-0-0 15. Qe1 Qxe1 16. Raxe1 dxc4 17. Bxc4 a6 18. Nxc7 Rd4 19. Nd5 Rxc4 20. Nb6+ Kd8 21. Nxc4 1-0

[Event "Katwe SOM op"]
[Site "Katwe"]
[Date "2024.03.29"]
[Round "2"]
[White "Kawuma, Patrick"]
[Black "Ssenabulya, Sharif"]
[Result "1-0"]
[WhiteElo "2203"]
[BlackElo "1799"]
[PlyCount "81"]
[EventDate "2024.03.29"]
[EventType "swiss"]
[EventRounds "8"]
[EventCountry "UGA"]
[SourceTitle "EXT 2025"]
[Source "ChessBase"]
[SourceDate "2024.10.14"]
[SourceVersion "1"]
[SourceVersionDate "2024.10.14"]
[SourceQuality "1"]

1. Nf3 Nf6 2. c4 e6 3. g3 d5 4. Bg2 b6 5. 0-0 Bb7 6. cxd5 exd5 7. d4 Be7 8. Nc3 0-0 9. Bf4 c6 10. Qb1 Nbd7 11. Rd1 Re8 12. b4 b5 13. a4 a5 14. bxa5 Qxa5 15. Bd2 b4 16. Na2 Qxa4 17. Bxb4 Bxb4 18. Nxb4 Qxa1 19. Qxa1 Rxa1 20. Rxa1 Kf8 21. Ra7 Rb8 22. Nd3 Ne4 23. Nfe5 Nxe5 24. Nxe5 Ke8 25. Bh3 Nf6 26. f3 h6 27. Kf2 Kd8 28. Nxf7+ Ke7 29. Ne5 Kd6 30. Nd3 Kc7 31. Nc5 Ne8 32. Bf5 Nd6 33. Bd3 Kb6 34. Ra2 Bc8 35. e4 dxe4 36. fxe4 Nb5 37. Ke3 Bg4 38. Bxb5 cxb5 39. Ra6+ Kc7 40. Ra7+ Kc6 41. Rxg7 1-0

[Event "Titled Tuesday intern op 31st Oct Late"]
[Site "Chess.com INT"]
[Date "2023.10.31"]
[Round "5"]
[White "Kawuma, Patrick"]
[Black "Korol, Dimitry"]
[Result "1-0"]
[WhiteElo "2213"]
[BlackElo "2287"]
[PlyCount "145"]
[EventDate "2023.10.31"]
[EventType "swiss (blitz)"]
[EventRounds "11"]
[EventCountry "USA"]
[SourceTitle "EXT 2025"]
[Source "ChessBase"]
[SourceDate "2024.10.14"]
[SourceVersion "1"]
[SourceVersionDate "2024.10.14"]
[SourceQuality "1"]

1. Nf3 c5 2. c4 g6 3. Nc3 Bg7 4. d4 cxd4 5. Nxd4 Nc6 6. Nf3 Nf6 7. e4 0-0 8. Be2 d6 9. 0-0 Be6 10. Bd2 Rc8 11. Rc1 a6 12. h3 h6 13. Be3 Kh7 14. Qd2 Qa5 15. Rfd1 Rfe8 16. Qd3 Nd7 17. Qb1 Nde5 18. Nd2 f5 19. Nb3 Qb4 20. Nd5 Bxd5 21. cxd5 f4 22. Bd2 Qa4 23. dxc6 bxc6 24. Bxf4 Rf8 25. Be3 c5 26. Nd2 Nc6 27. Nc4 Nd4 28. Bxd4 Bxd4 29. Rf1 Qc6 30. b3 Rf6 31. Qd3 Rcf8 32. Bf3 e5 33. Ne3 Qd7 34. Ng4 Rf4 35. Be2 h5 36. Ne3 Qe6 37. Rcd1 Qf6 38. f3 Qh4 39. Kh2 Qg5 40. Nd5 R4f7 41. Qd2 Qh4 42. Qe1 Qg5 43. Qg3 Qh6 44. Bc4 Kh8 45. Rde1 Kh7 46. Re2 Kh8 47. Bxa6 Kh7 48. Bc4 Kh8 49. a4 Kh7 50. a5 Kh8 51. a6 Kh7 52. Qe1 Qg5 53. Qg3 Qh6 54. Rc2 Kh8 55. Nc3 Be3 56. Ne2 Kh7 57. Rc3 Rg7 58. Rxe3 Qxe3 59. Qf2 Qg5 60. Ra1 Kh6 61. a7 Rgg8 62. Bxg8 Rxg8 63. a8Q Rxa8 64. Rxa8 Qf6 65. Ng3 Qf4 66. Kh1 h4 67. Nf1 Qc1 68. Ra2 g5 69. Qd2 Qxf1+ 70. Kh2 Qb1 71. Ra6 Kh5 72. Rxd6 Qxb3 73. Rd5 1-0

[Event "UGA-chT 2324"]
[Site "Kampala"]
[Date "2023.09.24"]
[Round "9.1"]
[White "Okas, Walter"]
[Black "Kawuma, Patrick"]
[Result "1-0"]
[WhiteElo "2180"]
[BlackElo "2194"]
[PlyCount "70"]
[EventDate "2023.07.16"]
[EventType "team-swiss"]
[EventRounds "14"]
[EventCountry "UGA"]
[SourceTitle "EXT 2025"]
[Source "ChessBase"]
[SourceDate "2024.10.14"]
[SourceVersion "1"]
[SourceVersionDate "2024.10.14"]
[SourceQuality "1"]
[WhiteTeam "Soroti CC"]
[BlackTeam "Kireka CC"]
[WhiteTeamCountry "UGA"]
[BlackTeamCountry "UGA"]

1. d4 Nf6 2. Nf3 g6 3. g3 Bg7 4. Bg2 0-0 5. 0-0 d5 6. c4 c6 7. cxd5 cxd5 8. Nc3 Nc6 9. Ne5 Bf5 10. Bf4 Rc8 11. Nxc6 Rxc6 12. Be5 Ne4 13. Bxg7 Nxc3 14. bxc3 Kxg7 15. Qb3 e6 16. f3 Qc7 17. Rac1 g5 18. e4 Rb6 19. Qc2 Bg6 20. Qd2 Qe7 21. e5 a5 22. f4 h6 23. fxg5 Qxg5 24. Rf4 a4 25. Qe3 Rb1 26. Rxb1 Bxb1 27. h4 Qe7 28. Qc1 Bg6 29. Rf6 Rh8 30. Bf3 h5 31. Qg5 Qc7 32. g4 Qxc3 33. gxh5 Qxd4+ 34. Kg2 Rh6 35. hxg6 fxg6 1-0

[Event "Titled Tuesday intern op 12th Sep Early"]
[Site "Chess.com INT"]
[Date "2023.09.12"]
[Round "1"]
[White "Figueredo Losada, Leonel"]
[Black "Kawuma, Patrick"]
[Result "1/2-1/2"]
[WhiteElo "2367"]
[BlackElo "2194"]
[PlyCount "149"]
[EventDate "2023.09.12"]
[EventType "swiss (blitz)"]
[EventRounds "11"]
[EventCountry "USA"]
[SourceTitle "EXT 2024"]
[Source "ChessBase"]
[SourceDate "2023.10.10"]
[SourceVersion "1"]
[SourceVersionDate "2023.10.10"]
[SourceQuality "1"]

1. e4 e6 2. d4 d5 3. Nd2 dxe4 4. Nxe4 Nd7 5. Nf3 Ngf6 6. Nxf6+ Nxf6 7. Bd3 c5 8. dxc5 Bxc5 9. Qe2 a6 10. Bg5 Qa5+ 11. Bd2 Bb4 12. c3 Be7 13. 0-0 Bd7 14. Ne5 Rd8 15. b4 Qc7 16. a3 0-0 17. c4 Ba4 18. Rfe1 Rd4 19. Bc3 Rh4 20. g3 Rh5 21. f4 Rh6 22. Rac1 Bc6 23. Bb1 Rd8 24. Rcd1 Ba4 25. Rxd8+ Qxd8 26. Bc2 Bxc2 27. Qxc2 Qb6+ 28. c5 Qb5 29. Qd3 Qxd3 30. Nxd3 Nd5 31. Bd2 Rh5 32. a4 g5 33. fxg5 Bxg5 34. Bxg5 Rxg5 35. b5 axb5 36. axb5 Rg4 37. Kf2 Rc4 38. Ra1 Nc3 39. c6 bxc6 40. b6 Ne4+ 41. Ke3 Nd6 42. Ra7 Rc3 43. b7 Nxb7 44. Rxb7 Rc2 45. h4 Kg7 46. Ne5 Kf6 47. Nxf7 c5 48. Nd6 Ke5 49. Nb5 Rb2 50. g4 Rb3+ 51. Kf2 c4 52. Rxh7 Kf4 53. Nd4 Rb2+ 54. Ne2+ Kxg4 55. h5 Kg5 56. h6 Kg6 57. Rh8 e5 58. Ke3 Rb1 59. Nc3 Rh1 60. Re8 Rh3+ 61. Kd2 Rd3+ 62. Kc2 Kxh6 63. Rxe5 Rh3 64. Re4 Rh2+ 65. Kc1 Rh1+ 66. Kd2 Rh2+ 67. Ke3 Rc2 68. Rxc4 Rc1 69. Kd3 Rh1 70. Rc5 Rh4 71. Ne4 Rh3+ 72. Kd4 Kg7 73. Ke5 Rh5+ 74. Kd4 Rxc5 75. Nxc5 1/2-1/2

[Event "Titled Tuesday intern op 12th Sep Early"]
[Site "Chess.com INT"]
[Date "2023.09.12"]
[Round "6"]
[White "Laddha, Shubh Jayesh"]
[Black "Kawuma, Patrick"]
[Result "0-1"]
[WhiteElo "2373"]
[BlackElo "2194"]
[PlyCount "142"]
[EventDate "2023.09.12"]
[EventType "swiss (blitz)"]
[EventRounds "11"]
[EventCountry "USA"]
[SourceTitle "EXT 2024"]
[Source "ChessBase"]
[SourceDate "2023.10.10"]
[SourceVersion "1"]
[SourceVersionDate "2023.10.10"]
[SourceQuality "1"]

1. c4 g6 2. Nf3 Bg7 3. g3 c5 4. Bg2 Nc6 5. 0-0 e5 6. Nc3 Nge7 7. d3 d6 8. Rb1 0-0 9. a3 a5 10. e4 h6 11. Nd5 Nxd5 12. cxd5 Ne7 13. b4 cxb4 14. axb4 a4 15. b5 Bd7 16. Nd2 Ra5 17. Ba3 Nc8 18. Nc4 Rxb5 19. Nxd6 Nxd6 20. Bxd6 Re8 21. Ba3 Qb6 22. Rxb5 Bxb5 23. Qb1 Qa6 24. Rd1 Bf8 25. Bxf8 Rxf8 26. Qb2 Bxd3 27. Qxe5 a3 28. d6 a2 29. d7 Qb6 30. Bf3 Qb1 31. Kg2 b5 32. Qf6 Kh7 33. h4 h5 34. d8Q Rxd8 35. Qxf7+ Kh8 36. Qf6+ Kh7 37. Qe7+ Kh6 38. Qg5+ Kg7 39. Qe7+ Kh6 40. Qxd8 a1Q 41. Rxb1 Bxb1 42. Qf8+ Kh7 43. Qe7+ Qg7 44. Qb4 Bd3 45. Qd2 Bc4 46. Qc2 Qe5 47. Qd1 b4 48. Qd7+ Qg7 49. Qc6 Bd3 50. Qb6 Qc3 51. Bd1 Bxe4+ 52. Kg1 Kh6 53. Qe3+ Qxe3 54. fxe3 Bd5 55. Kf2 b3 56. Ke2 b2 57. Bc2 Ba2 58. Kf3 b1Q 59. Bxb1 Bxb1 60. Kf4 Kg7 61. g4 Kf6 62. e4 Bd3 63. e5+ Ke6 64. gxh5 gxh5 65. Kg5 Be2 66. Kf4 Bd1 67. Ke4 Bg4 68. Kf4 Kd5 69. Kg3 Kxe5 70. Kh2 Kf4 71. Kg1 Kg3 0-1

[Event "Titled Tuesday intern op 12th Sep Early"]
[Site "Chess.com INT"]
[Date "2023.09.12"]
[Round "10"]
[White "Samunenkov, Igor"]
[Black "Kawuma, Patrick"]
[Result "1-0"]
[WhiteElo "2517"]
[BlackElo "2194"]
[PlyCount "121"]
[EventDate "2023.09.12"]
[EventType "swiss (blitz)"]
[EventRounds "11"]
[EventCountry "USA"]
[SourceTitle "EXT 2024"]
[Source "ChessBase"]
[SourceDate "2023.10.10"]
[SourceVersion "1"]
[SourceVersionDate "2023.10.10"]
[SourceQuality "1"]

1. e4 e6 2. d4 d5 3. Nd2 dxe4 4. Nxe4 Nd7 5. Nf3 Ngf6 6. Nxf6+ Nxf6 7. g3 b6 8. Bb5+ Bd7 9. Be2 Bd6 10. Ne5 0-0 11. 0-0 c5 12. Nxd7 Qxd7 13. Bg5 Ne4 14. Be3 cxd4 15. Qxd4 Nf6 16. Rfd1 Rad8 17. Qh4 Qc7 18. c3 Be7 19. Qa4 Nd5 20. Bd2 a5 21. Bf3 Rd7 22. Bf4 Qc8 23. Bxd5 exd5 24. Qb5 Bc5 25. b4 axb4 26. cxb4 Be7 27. Qxb6 Rb7 28. Qa5 Bxb4 29. Qxd5 Ra7 30. a4 Qa8 31. Qb5 Ba5 32. Rab1 h6 33. h4 Bd8 34. Bd6 Be7 35. Bxe7 Rxe7 36. a5 Ra7 37. Ra1 Re8 38. Qb6 Rb8 39. Qc5 Rc8 40. Qe3 Re8 41. Qa3 Re5 42. a6 Re6 43. Rd6 Ree7 44. Rb6 Qc8 45. Qa5 Rec7 46. Qb5 Rc5 47. Rb8 Rxb5 48. Rxc8+ Kh7 49. Rc2 Rb6 50. Rca2 Kg6 51. Kg2 Kf6 52. Ra5 h5 53. R1a3 g6 54. Rf3+ Kg7 55. Rfa3 Kf6 56. Ra2 Kg7 57. Kf3 Kf6 58. Ke3 Ke6 59. Kd4 Kd6 60. Rd5+ Kc6 61. Rc2# 1-0

[Event "UGA-chT 2324"]
[Site "Kampala"]
[Date "2023.09.10"]
[Round "7.1"]
[White "Kawuma, Patrick"]
[Black "Gong, Thon Gong"]
[Result "1-0"]
[WhiteElo "2194"]
[BlackElo "2183"]
[PlyCount "65"]
[EventDate "2023.07.16"]
[EventType "team-swiss"]
[EventRounds "14"]
[EventCountry "UGA"]
[SourceTitle "EXT 2025"]
[Source "ChessBase"]
[SourceDate "2024.10.14"]
[SourceVersion "1"]
[SourceVersionDate "2024.10.14"]
[SourceQuality "1"]
[WhiteTeam "Kireka CC"]
[BlackTeam "Kireka Panthers"]
[WhiteTeamCountry "UGA"]
[BlackTeamCountry "UGA"]

1. Nf3 d5 2. g3 Nf6 3. Bg2 Bf5 4. c4 c6 5. cxd5 Nxd5 6. d3 Bg6 7. 0-0 e6 8. Nbd2 Nd7 9. Nc4 Be7 10. Bd2 0-0 11. a3 a5 12. Qc2 a4 13. Rad1 h6 14. Rfe1 Re8 15. b4 axb3 16. Qxb3 Qc7 17. e4 b5 18. Nce5 Nxe5 19. Nxe5 Rxa3 20. Qb2 Nb6 21. Bf4 Qb7 22. Rc1 Bb4 23. Rc2 Rc3 24. Qb1 c5 25. Bd2 Na4 26. Qd1 Bh7 27. d4 f6 28. Nd3 Ba3 29. dxc5 Bxc5 30. Nxc5 Rxc5 31. Re3 Rd8 32. Rb3 Bg6 33. Re3 1-0

[Event "Kitale op"]
[Site "Kitale"]
[Date "2023.05.14"]
[Round "4"]
[White "Kawuma, Patrick"]
[Black "Njoroge, Martin"]
[Result "1-0"]
[WhiteElo "2210"]
[BlackElo "1872"]
[PlyCount "33"]
[EventDate "2023.05.13"]
[EventType "swiss"]
[EventRounds "6"]
[EventCountry "KEN"]
[SourceTitle "EXT 2024"]
[Source "ChessBase"]
[SourceDate "2023.10.10"]
[SourceVersion "1"]
[SourceVersionDate "2023.10.10"]
[SourceQuality "1"]

1. c4 c5 2. Nc3 b6 3. g3 Bb7 4. e4 Nf6 5. Bg2 e6 6. Nge2 d6 7. 0-0 Nbd7 8. Re1 Be7 9. e5 Nxe5 10. Bxb7 Rb8 11. Bg2 0-0 12. d3 a6 13. b3 Qc7 14. d4 cxd4 15. Nxd4 Rfd8 16. Bb2 Ng6 17. Nc6 1-0

[Event "Olympiad-44"]
[Site "Chennai"]
[Date "2022.08.09"]
[Round "11.2"]
[White "Kawuma, Patrick"]
[Black "Nielsen, Hogni Egilstoft"]
[Result "1/2-1/2"]
[WhiteElo "2270"]
[BlackElo "2414"]
[PlyCount "61"]
[EventDate "2022.07.29"]
[EventType "team-swiss"]
[EventRounds "11"]
[EventCountry "IND"]
[SourceTitle "CBM 210"]
[Source "ChessBase"]
[SourceDate "2022.10.31"]
[SourceVersion "1"]
[SourceVersionDate "2022.10.31"]
[SourceQuality "1"]
[WhiteTeam "Uganda"]
[BlackTeam "Faroe Islands"]
[WhiteTeamCountry "UGA"]
[BlackTeamCountry "FAI"]

1. c4 Nf6 2. Nf3 g6 3. g3 Bg7 4. Bg2 0-0 5. 0-0 d6 6. d4 Nc6 7. Nc3 Bg4 8. h3 Bxf3 9. Bxf3 Nd7 10. e3 e5 11. dxe5 Ndxe5 12. Be2 Qd7 13. Kh2 Na5 14. Qc2 Qc6 15. b3 Nf3+ 16. Bxf3 Qxf3 17. Bb2 Nc6 18. Nd5 Rac8 19. Rae1 Rfe8 20. e4 Nd4 21. Bxd4 Bxd4 22. Qd1 Qxd1 23. Rxd1 Bg7 24. Rfe1 Kf8 25. Kg2 c6 26. Nf4 Red8 27. Rd3 Rb8 28. Red1 Be5 29. Ne2 Ke7 30. f4 Bg7 31. Kf3 1/2-1/2

[Event "Olympiad-44"]
[Site "Chennai"]
[Date "2022.08.07"]
[Round "9.2"]
[White "Amini, Habibullah"]
[Black "Kawuma, Patrick"]
[Result "1/2-1/2"]
[WhiteElo "2035"]
[BlackElo "2270"]
[PlyCount "88"]
[EventDate "2022.07.29"]
[EventType "team-swiss"]
[EventRounds "11"]
[EventCountry "IND"]
[SourceTitle "CBM 210"]
[Source "ChessBase"]
[SourceDate "2022.10.31"]
[SourceVersion "1"]
[SourceVersionDate "2022.10.31"]
[SourceQuality "1"]
[WhiteTeam "Afghanistan"]
[BlackTeam "Uganda"]
[WhiteTeamCountry "AFG"]
[BlackTeamCountry "UGA"]

1. d4 Nf6 2. Bf4 g6 3. Nc3 d5 4. e3 Bg7 5. h4 a6 6. Be2 h6 7. Nf3 Nbd7 8. Ne5 Nf8 9. Nd3 b6 10. Bf3 Bb7 11. Be5 N8d7 12. Bf4 c5 13. Ne2 Ne4 14. c3 Qc8 15. Ne5 Nxe5 16. dxe5 Qe6 17. Qb3 c4 18. Qa4+ b5 19. Qa3 Bxe5 20. Bxe4 dxe4 21. Bxe5 Qxe5 22. Rd1 Qc7 23. b3 cxb3 24. axb3 0-0 25. Rd4 Rfd8 26. h5 g5 27. 0-0 e5 28. Rxd8+ Rxd8 29. Ng3 Qd6 30. Qa5 Re8 31. c4 Qe6 32. Rd1 bxc4 33. bxc4 Qxc4 34. Rd6 Bc8 35. Rxh6 Qb5 36. Qd2 Be6 37. Rxe6 fxe6 38. Qc2 Qd3 39. Qc7 Rf8 40. Qe7 Qd1+ 41. Kh2 Qg4 42. Kg1 Qd1+ 43. Kh2 Qg4 44. Kg1 Qd1+ 1/2-1/2